Electromagnetic energy conversion devices and systems (Record no. 23280)

000 -LEADER
fixed length control field 00609nam a2200217 4500
001 - CONTROL NUMBER
control field 23280
003 - CONTROL NUMBER IDENTIFIER
control field BD-DhUET
008 - FIXED-LENGTH DATA ELEMENTS--GENERAL INFORMATION
fixed length control field 700114s1970 njua b 001 0 eng
020 ## - INTERNATIONAL STANDARD BOOK NUMBER
International Standard Book Number 013249003X
040 ## - CATALOGING SOURCE
Original cataloging agency DLC
Transcribing agency DLC
Modifying agency BD-DhUET
082 00 - DEWEY DECIMAL CLASSIFICATION NUMBER
Classification number 623.16
Item number SAN/1970
100 ## - MAIN ENTRY--PERSONAL NAME
Personal name S. A. Nasar
245 10 - TITLE STATEMENT
Title Electromagnetic energy conversion devices and systems
250 ## - EDITION STATEMENT
Edition statement 1st ed.
260 ## - PUBLICATION, DISTRIBUTION, ETC. (IMPRINT)
Place of publication, distribution, etc. New Jersey
Name of publisher, distributor, etc. Prentice-Hall
Date of publication, distribution, etc. 1970
300 ## - PHYSICAL DESCRIPTION
Extent xviii, 391p.
Other physical details illus.
490 0# - SERIES STATEMENT
Series statement Prentice-Hall electrical engineering series
504 ## - BIBLIOGRAPHY, ETC. NOTE
Bibliography, etc Includes bibliographies
650 #0 - SUBJECT ADDED ENTRY--TOPICAL TERM
Topical term or geographic name as entry element Electromagnetic devices
942 ## - ADDED ENTRY ELEMENTS (KOHA)
Koha item type General Book
Holdings
Koha date last seen Copy number Sublocation or collection (holding branch) Withdrawn status Price effective from Koha normalized classification for sorting Date acquired Source of classification or shelving scheme Location (home branch) Shelving location Lost status Damaged status Not for loan Koha full call number Piece designation (barcode) Koha item type
2015-05-031Central Library, BUET 2015-05-03623_160000000000000_SAN_19702015-05-03 Central Library, BUETCirculation section   623.16/SAN/197019443Edited Book
2015-05-032Central Library, BUET 2015-05-03623_160000000000000_SAN_19702015-05-03 Central Library, BUETCirculation section   623.16/SAN/197017588Edited Book
2015-05-033Central Library, BUET 2015-05-03623_160000000000000_SAN_19702015-05-03 Central Library, BUETCirculation section   623.16/SAN/197017587Edited Book
2015-05-034Central Library, BUET 2015-05-03623_160000000000000_SAN_19702015-05-03 Central Library, BUETCirculation section   623.16/SAN/197024214Edited Book
2015-05-035Central Library, BUET 2015-05-03623_160000000000000_SAN_19702015-05-03 Central Library, BUETCirculation section   623.16/SAN/197025316Edited Book
2015-06-256Central Library, BUET 2015-06-25623_160000000000000_SAN_19702015-06-25 Central Library, BUETReading section   623.16/SAN/197036962Reading Item